Diseases and parasites of sheep and goats
| Other Authors: | |
|---|---|
| Format: | Book |
| Published: |
New Dehli :
Biotech Books ,
2004
|
| Subjects: |
MARC
| LEADER | 00000cam a2200000 7i4500 | ||
|---|---|---|---|
| 001 | 0000017954 | ||
| 005 | 20080605.0 | ||
| 008 | 080602 | ||
| 020 | |a 8176220876 | ||
| 090 | 0 | 0 | |a 636.39 |b DIS |
| 245 | 1 | 0 | |a Diseases and parasites of sheep and goats |c editor Gove Hambidge |
| 260 | |a New Dehli : |b Biotech Books , |c 2004 | ||
| 500 | |a include index | ||
| 650 | 0 | |a Sheep |x diseases | |
| 650 | 0 | |a Sheep |x parasites | |
| 700 | 1 | |a Hambidge, Gove | |
| 999 | |a 0001019637 |b Book |c Adult Collection |e Perbadanan Perpustakaan Awam Johor | ||